000 00339nam a22001337a 4500
005 20250519162305.0
008 250519b |||||||| |||| 00| 0 eng d
020 _a978-9914-9788-4-1
050 _aBP 44 .S53 2024 V.8
245 _aATFAAL IRE
260 _aNAIROBI
_bATFAAL PUBLISHERS LIMITED
_c2024
300 _a174P.
942 _2lcc
_cBK
999 _c215445
_d215445